000 00260nam a2200097Ia 4500
001 683241
005 20250826161434.0
008 250824s9999 xx 000 0 und d
245 0 _aÇANAKKALE HER ŞEY YANIP GÜL OLDU
_cNURULLAH GENÇ
260 _bTİMAŞ YAYINLARI
999 _c683241
_d683241